Tilastot visalle 15 maata, joissa kuoli eniten Covid-19 - 29. syyskuuta 2021

Klikkaa tästä pelataksesi tätä visaa!

Yleistilastot

  • Tätä visaa on pelattu 5 kertaa
  • Keskiarvotulos 11 / 25

Vastaustilastot

maa% Oikein
Brasilia
100%
Yhdysvallat
100%
Intia
75%
Meksiko
75%
Ranska
75%
Venäjä
75%
Yhdistynyt
kuningaskunta
75%
Argentiina
50%
Indonesia
50%
Italia
50%
Saksa
50%
Tšekki
50%
Unkari
50%
Etelä-Afrikka
25%
Iran
25%
Kolumbia
25%
Paraguay
25%
Peru
25%
Slovakia
25%
Slovenia
25%
Belgia
0%
Bosnia ja
Hertsegovina
0%
Bulgaria
0%
Georgia
0%
Pohjois-Makedonia
0%

Tulosjakauma

Persentiili vastausten määrän mukaan

Jokaisen tuloksen saaneiden osuus

Tuloshistoriasi

Et ole pelannut tätä visaa